Factors that influence the growth of selected registered rice retailing businesses in the first district of Cavite / (Record no. 5153)
[ view plain ]
| 000 -LEADER | |
|---|---|
| fixed length control field | 01407nam a22003137a 4500 |
| 003 - CONTROL NUMBER IDENTIFIER | |
| control field | OSt |
| 005 - DATE AND TIME OF LATEST TRANSACTION | |
| control field | 20260413034129.0 |
| 008 - FIXED-LENGTH DATA ELEMENTS--GENERAL INFORMATION | |
| fixed length control field | 260408b |||||||| |||| 00| 0 eng d |
| 040 ## - CATALOGING SOURCE | |
| Language of cataloging | English. |
| Transcribing agency | CvSU-CCAT Campus Library. |
| Description conventions | rda. |
| 050 ## - LIBRARY OF CONGRESS CALL NUMBER | |
| Classification number | UM HF 5429.215.R5 |
| Item number | C66 2023 |
| 100 ## - MAIN ENTRY--PERSONAL NAME | |
| Personal name | Concepcion, Sheila Mae, author. |
| 9 (RLIN) | 20360 |
| 245 ## - TITLE STATEMENT | |
| Title | Factors that influence the growth of selected registered rice retailing businesses in the first district of Cavite / |
| Statement of responsibility, etc. | Sheila Mae Concepcion, Zandra Anne Patricia P. Manuel, Jhenica A. Veniciano. |
| 260 ## - PUBLICATION, DISTRIBUTION, ETC. | |
| Place of publication, distribution, etc. | Rosario, Cavite : |
| Name of publisher, distributor, etc. | Cavite State University-CCAT Campus, |
| Date of publication, distribution, etc. | 2023. |
| 300 ## - PHYSICAL DESCRIPTION | |
| Extent | ii, 105 leaves : |
| Other physical details | illustrations ; |
| Dimensions | 28 cm |
| 500 ## - GENERAL NOTE | |
| General note | Undergraduate Thesis (BSBA) -- Cavite State University-CCAT Campus, 2023. |
| 504 ## - BIBLIOGRAPHY, ETC. NOTE | |
| Bibliography, etc. note | Includes bibliographical references and appendices. |
| 546 ## - LANGUAGE NOTE | |
| Language note | In English text |
| 650 ## - SUBJECT ADDED ENTRY--TOPICAL TERM | |
| Topical term or geographic name entry element | Retail trade |
| 9 (RLIN) | 1564 |
| 650 ## - SUBJECT ADDED ENTRY--TOPICAL TERM | |
| Topical term or geographic name entry element | Price trade |
| 9 (RLIN) | 20361 |
| 650 ## - SUBJECT ADDED ENTRY--TOPICAL TERM | |
| Topical term or geographic name entry element | Small business -- Management |
| 9 (RLIN) | 8827 |
| 650 ## - SUBJECT ADDED ENTRY--TOPICAL TERM | |
| Topical term or geographic name entry element | Entrepreneurship |
| 9 (RLIN) | 136 |
| 650 ## - SUBJECT ADDED ENTRY--TOPICAL TERM | |
| Topical term or geographic name entry element | Cavite (Philippines) -- Commerce |
| 9 (RLIN) | 18868 |
| 700 ## - ADDED ENTRY--PERSONAL NAME | |
| Personal name | Manuel, Zandra Anne Patricia P., author. |
| 9 (RLIN) | 20362 |
| 700 ## - ADDED ENTRY--PERSONAL NAME | |
| Personal name | Venicario, Jhenica A., author. |
| 9 (RLIN) | 20363 |
| 700 ## - ADDED ENTRY--PERSONAL NAME | |
| Personal name | Abad, Juvie B., adviser. |
| 9 (RLIN) | 6672 |
| 700 ## - ADDED ENTRY--PERSONAL NAME | |
| Personal name | Ambas, Arman M., technical critic. |
| 9 (RLIN) | 6668 |
| 942 ## - ADDED ENTRY ELEMENTS (KOHA) | |
| Source of classification or shelving scheme | Library of Congress Classification |
| Koha item type | Thesis/Manuscripts/Dissertations |
| Classification part | HF 5429.215.R5 C66 2023 |
| Call number prefix | UM |
| Withdrawn status | Lost status | Source of classification or shelving scheme | Damaged status | Not for loan | Collection code | Home library | Current library | Shelving location | Date acquired | Coded location qualifier | Total Checkouts | Full call number | Barcode | Date last seen | Copy number | Price effective from | Koha item type |
|---|---|---|---|---|---|---|---|---|---|---|---|---|---|---|---|---|---|
| Library of Congress Classification | Thesis/Manuscript/Dissertation | Cavite State University - CCAT Campus | Cavite State University - CCAT Campus | TH | 01/20/2026 | UM | UM HF 5429.215.R5 C66 2023 | T0005579 | 04/08/2026 | 1 | 04/08/2026 | Thesis/Manuscripts/Dissertations |
